Learning Resource and Development

Stress, strain, and structural dynamics : (Record no. 30140)

MARC details
000 -LEADER
fixed length control field 01951nam a2200301 i 4500
003 - CONTROL NUMBER IDENTIFIER
control field CSPC
005 - DATE AND TIME OF LATEST TRANSACTION
control field 20250820163904.0
008 - FIXED-LENGTH DATA ELEMENTS--GENERAL INFORMATION
fixed length control field 250820s2023 -uk b 001 0 eng d
010 ## - LIBRARY OF CONGRESS CONTROL NUMBER
LC control number 2023300371
020 ## - INTERNATIONAL STANDARD BOOK NUMBER
International Standard Book Number 9780128185636
040 ## - CATALOGING SOURCE
Transcribing agency CSPC
Original cataloging agency CSPC
Language of cataloging eng
Description conventions rda
050 00 - LIBRARY OF CONGRESS CALL NUMBER
Classification number TA648.3
Item number .Y36 2023
082 00 - DEWEY DECIMAL CLASSIFICATION NUMBER
Classification number 624.17
Item number Y161s
100 1# - MAIN ENTRY--PERSONAL NAME
Personal name Yang, Bingen,
Relator term author.
245 10 - TITLE STATEMENT
Title Stress, strain, and structural dynamics :
Remainder of title an interactive handbook of formulas, solutions, and MATLAB toolboxes /
Statement of responsibility, etc. Bingen Yang.
250 ## - EDITION STATEMENT
Edition statement Second edition.
264 #1 - PRODUCTION, PUBLICATION, DISTRIBUTION, MANUFACTURE, AND COPYRIGHT NOTICE
Place of production, publication, distribution, manufacture London, United Kingdom ;
-- San Diego, California :
Name of producer, publisher, distributor, manufacturer Academic Press, an imprint of Elsevier,
Date of production, publication, distribution, manufacture, or copyright notice 2023.
300 ## - PHYSICAL DESCRIPTION
Extent xix, 1094 pages :
Other physical details illustrations ;
Dimensions 24 cm.
336 ## - CONTENT TYPE
Source rdacontent
Content type term text
337 ## - MEDIA TYPE
Source rdamedia
Media type term unmediated
338 ## - CARRIER TYPE
Source rdacarrier
Carrier type term volume
504 ## - BIBLIOGRAPHY, ETC. NOTE
Bibliography, etc. note Includes bibliographical references and index.
505 0# - FORMATTED CONTENTS NOTE
Formatted contents note Introduction -- I. Strength of materials -- Static analysis of Euler-Bernoulli beans -- Static analysis of bars, shafts, and strings -- Buckling analysis of columns -- Stress analysis in two-dimensional problems -- II. Structural mechanics -- Static analysis of constrained multispan beans -- Static analysis of plane and space trusses -- Static analysis of plane and space frames -- III. Dynamics and vibrations -- Dynamics of particles and rigid bodies -- Vibration analysis control of multiple-degree-of-freedom systems -- IV. Structural dynamics -- Dynamics and control of Euler-Bernoulli beams -- Dynamic analysis of bars, shafts, and strings -- Dynamic analysis of constrained, combined, and stepped beams -- V. Two-dimensional elastic continua -- Static analysis of linearly bodies -- Vibration analysis of membranes and plates.
650 #0 - SUBJECT ADDED ENTRY--TOPICAL TERM
Topical term or geographic name entry element Strains and stresses.
650 #0 - SUBJECT ADDED ENTRY--TOPICAL TERM
Topical term or geographic name entry element Structural dynamics.
942 ## - ADDED ENTRY ELEMENTS (KOHA)
Source of classification or shelving scheme Dewey Decimal Classification
Suppress in OPAC No
Koha item type Books
Classification part 624.17
Item part Y161s
Call number prefix ENG
Call number suffix 2023
Holdings
Withdrawn status Lost status Source of classification or shelving scheme Damaged status Not for loan Home library Current library Shelving location Date acquired Total Checkouts Full call number Barcode Date last seen Copy number Price effective from Koha item type
    Dewey Decimal Classification     Main Library Main Library Engineering Section 08/20/2025   ENG 624.17 Y161s 2023 029985 08/20/2025 1-1 08/20/2025 Books